02786nam a2200361 i 4500001001000000003000900010005001700019007000300036008003500039020001800074040003400092082002600126100003500152245007500187264004800262300002700310336002700337337003300364338002800397500004200425500005700467504004100524505148300565590002702048650002202075650003702097650005702134650004302191910004102234942001202275952012002287999001702407000020736DO-SdBPM20251217110808.0ta100813s2023 dr 000 0 spa d a9789945635676 aDO-SdBPMbspacBPMSU erdad  4a006.3bM559f 20232221 aMerejo, Andréseautor4aut. 10aFilosofía para tiempos transidos y cibernéticos /cAndrés Merejo aSanto Domingo :bEditorial Santuario,c2023 a160 paginas ;c24 cm. atextobtxt2rdacontent asin mediación2rdamediabn avolumen2rdacarrierbnc aNota prelimar de Víctor Gómez Pin aIncluye datos biográficos del autor en las solapas aBibliografía : páginas . 151-1600 aNota preliminar. Víctor Gómez Pin, 9.-- Lo virtual y la poxesperiencia bajo la lupa del filósofo, 17.-- Lo virtual, 17.-- Covirtualidad, 19.-- Filosofía de lo virtual, 22.-- Mirada de lo virtual, 26.-- Posexperiencia, 32.-- Posexperencia en el ciberespacio, 34.-- Posexperiencia virtual, 37.-- La ética entre lo transido y lo virtual, 41.-- La ética ante el dolor y la nada, una visión integral, 41.-- Sin una chispa de dolor no hay ética, 46.-- “Almas muertas”, días que transcurren, 47.-- La policía de la moral contra la ética, 51.-- Ética en la investigación científica, 53.-- Ciberética : vivir en lo virtual, 59.-- Visión filosófica de la tecnociencia en el cibermundo, 65.-- La tecnociencia desde una perspectiva filosófica, 72.-- Vueltas en el huracán progreso, 81.-- Visión filosófica del universo, 89.-- El hereje de nuestro tiempo, 101.-- Pensar la herejía desde la sombra, 101.-- El hereje idiota, 105.-- El sujeto cibernético desde un pensamiento herético, 107.-- Hereje cibernético, 113.-- Herejía contra la ciberbasura que socava el pensamiento, 117.-- Tiempos transidos y cibernéticos, 121.-- Lecciones aprendidas sobre lo transido, 121.-- Lo transido envuelto en tiempo de lumbre cibernética, 130.-- Filosofía para tiempos transidos y cibernéticos, 135.-- Filosofando a la intemperie, 139.-- Filosófica hoy, mañana y siempre, 143.-- Reflexión final, 147.-- Referencias bibliográficas, 151. aInventariado, 2025 /VM 7aCibernética.y  7aFilosofía de la cibernética. 7aInteligencia artificialxAspectos éticos y morales 7aInteligencia artificial xFilosofía. aVMateo V. Control de calidad. BPMSU  2ddccBK 00102ddc708CDaBPMETbBPMETd2025-12-17l0oBPMSU CD 006.3 M559f 2023pBPMSU25120074r2025-12-17w2025-12-17yBK c15585d15585